| 000 -CABECERA |
| campo de control de longitud fija |
00676nam a2200205 a 4500 |
| 001 - NÚMERO DE CONTROL |
| campo de control |
000057649 |
| 005 - FECHA Y HORA DE LA ÚLTIMA TRANSACCIÓN |
| campo de control |
20200120223714.0 |
| 008 - DATOS DE LONGITUD FIJA--INFORMACIÓN GENERAL |
| campo de control de longitud fija |
020227s2003 ck f gr 000 0 spa d |
| 020 ## - NÚMERO INTERNACIONAL ESTÁNDAR DEL LIBRO |
| Número Internacional Estándar del Libro |
9583601012 |
| 082 04 - NÚMERO DE LA CLASIFICACIÓN DECIMAL DEWEY |
| Número de clasificación |
743.7 |
| Número de documento/Ítem |
M27f |
| 245 13 - MENCIÓN DE TÍTULO |
| Título |
La flora de Indias=South Américan flora / |
| Mención de responsabilidad, etc. |
ilustraciones : María Sybilla Merian ; fotografías : Mario Rivera. |
| 250 ## - MENCIÓN DE EDICIÓN |
| Mención de edición |
3a. ed. |
| 260 ## - PUBLICACIÓN, DISTRIBUCIÓN, ETC. |
| Lugar de publicación, distribución, etc. |
Bogotá : |
| Nombre del editor, distribuidor, etc. |
Panamericana : |
| -- |
El Áncora editores, |
| Fecha de publicación, distribución, etc. |
2003. |
| 300 ## - DESCRIPCIÓN FÍSICA |
| Extensión |
17 p. |
| Material acompañante/anejo |
+ 30 lam. col. |
| 650 14 - PUNTO DE ACCESO ADICIONAL DE MATERIA--TÉRMINO DE MATERIA |
| Término de materia o nombre geográfico como elemento de entrada |
Plantas |
| Subdivisión geográfica |
Colombia |
| 650 24 - PUNTO DE ACCESO ADICIONAL DE MATERIA--TÉRMINO DE MATERIA |
| Término de materia o nombre geográfico como elemento de entrada |
Botánica |
| Subdivisión geográfica |
Colombia |
| 650 24 - PUNTO DE ACCESO ADICIONAL DE MATERIA--TÉRMINO DE MATERIA |
| Término de materia o nombre geográfico como elemento de entrada |
Expediciones científicas |
| Subdivisión geográfica |
Colombia |
| 700 1# - PUNTO DE ACCESO ADICIONAL--NOMBRE DE PERSONA |
| Nombre de persona |
Merian, María Sybilla |
| Término indicativo de función/relación |
il. |
| 700 1# - PUNTO DE ACCESO ADICIONAL--NOMBRE DE PERSONA |
| Nombre de persona |
Rivera, Mario |
| -- |
fot. |